00000000nam 2200000zi 4500
0019.947876
003CaOODSP
00520250409124046
006m     o  d f      
007cr |n|||||||||
008250211s2025    onca    o    f000 0 eng d
020 |a9780660756660
040 |aCaOODSP|beng|erda|cCaOODSP
043 |an-cn---
0861 |aM34-94/2025E-PDF
24500|aAdvancing reconciliation with Indigenous peoples in the critical minerals sector.
264 1|a[Ottawa] : |bGovernment of Canada = Gouvernement du Canada, |c[2025]
300 |a1 online resource (1 page) : |billustrations
336 |atext|btxt|2rdacontent
337 |acomputer|bc|2rdamedia
338 |aonline resource|bcr|2rdacarrier
500 |aIssued also in French under title: Faire progresser la réconciliation avec les peuples autochtones au sein du secteur des minéraux critiques.
650 0|aReconciliation|xGovernment policy|zCanada.
650 0|aMineral industries|zCanada|xFinance.
7101 |aCanada. |bNatural Resources Canada, |eissuing body.
77508|tFaire progresser la réconciliation avec les peuples autochtones au sein du secteur des minéraux critiques.|w(CaOODSP)9.947877
7760#|tIndigenous initiatives brochure : |w(CaOODSP)9.948000
85640|qPDF|s116 KB|uhttps://publications.gc.ca/collections/collection_2025/rncan-nrcan/M34-94-2025-eng.pdf